000 00487nam a2200181Ia 4500
001 16519
005 20260306170315.0
008 260306t2022||||xx |||||||||||||| ||und||
041 _aESP
082 _a348.6
_bR84
100 _aRosenbaum Rimolo, Jorge
_eAUT
245 0 _aEl derecho del trabajo y la seguridad social en época de cambios:
_bproblemas actuales
260 _c2022
300 _a782 páginas :
_c25 cm.
650 _aGEN
654 _aCDE
942 _cLIB
_dJUS
_fJUS
_2ddc
_n
999 _c16519
_d16519